000 00356nam a2200157Ia 4500
008 160316s1948 xxu||||| |||| 00| 0 eng d
082 _a0.000000
_b
100 _aHaar Ter
245 _aAdat law in Indonesia
250 _a
260 _aNew York
_bInstitute of Pacific Relations
_c1948
300 _a255p
_b
_c
365 _b
650 _a
700 _a
_a
999 _c7862
_d7862